1114 1132 1815 1902 1153 1115 1470 1906 1203 1651 1393 1632 1076 1768 1574 1286 1925 1941 1034 1362 1609 1231 1795 1943 1361 1150 1170 1234 1582 1063 1085 1845 1768 1750 1627 1990 1590 1314 1359 1383 1851 1474 1314 1267 1711 1052 1680 1807 1683 1250 1669 1546 1462 1644 1117 1540 1559 1989 1722 1770 1585 1228 1720 1714 1592 1713 1204 1519 1118 1486 1189 1203 1039 1622 1446 1193 1214 1297 1456 1337 1975 1308 1308 1844 1990 1663 1356 1927 1057 1155 1940 1536 1770 1087 1844 1274 1475 1996 1410 BCNSPRNW ULIB Ver.6.0+V

เปลี่ยนเป็นภาษาไทย

Change to English
 แสดงรายละเอียดบรรณานุกรม
  กลับหน้าหลัก

Brief Record : Get Marc (ISO 2709) : E-mail record : QR code < ปิดหน้าต่าง
LEADER : 00000nam 2200000uu 4500
001    13399114148
003     ULIB
008    120222s||||||||th 000 0 tha d
020    ^a9789742125790
050  4 ^aBF128^bต777จ
100 0  ^aเติมศักดิ์ คทวณิช
245 10 ^aจิตวิทยาทั่วไป =^bGeneral psychology /^cเติมศักดิ์ คทวณิช
246 31 ^aGeneral psychology
260    ^aกรุงเทพฯ :^bซีเอ็ดยูเคชั่น,^c2546
300    ^a331 หน้า :^bภาพประกอบ,^c25 ซม.
650  4 ^aจิตวิทยา
945    ^p170^l0^i031153
945    ^p170^l0^i031154
945    ^p170^l0^i031155
945    ^p170^l0^i031156
995    ^aทศพร
999 ^a ทศพร
รายการนี้ยังไม่มีแท็ก
คุณยังไม่ได้ล็อกอิน คุณสามารถมีกิจกรรมร่วมกับเว็บไซต์ได้ แต่ต้องล็อกอินก่อน ::
  ล็อกอิน

รายการสื่อสารสนเทศ

ลำดับที่ ประเภท เลขเรียก/บาร์โค้ด สถานที่ สถานะ
- ไม่พบข้อมูล -

รายการใกล้เคียง
    ผู้แต่ง [เติมศักดิ์ คทวณิช]

    หัวเรื่อง [จิตวิทยา]

BibComment


ยังไม่เคยถูกคอมเมนท์

คอมเมนท์ทรัพยากรรายการนี้
  คอมเมนท์: จิตวิทยาทั่วไป ..


 Copyright 2026. Bcnsprnw @Library